Interactions between climate change, world economics and climate policy

Analýza svetových ekonomických tendencií v súvislosti so sociálnymi a politickými reakciami a rôznymi oficiálnymi stanoviskami ku globálnym klimatickým zmenám.

Na minha lista:
Detalhes bibliográficos
Autor principal: Parapatits, Zsolt
Formato: Capítulo de Livro
Idioma:inglês
Assuntos:
Tags: Adicionar Tag
Sem tags, seja o primeiro a adicionar uma tag!

MARC

LEADER 00000naa a2200000 4500
001 0238422
005 20220805075027.8
041 0 |a eng 
044 |a SK 
245 1 0 |a Interactions between climate change, world economics and climate policy  |c Zsolt Parapatits 
520 |a Analýza svetových ekonomických tendencií v súvislosti so sociálnymi a politickými reakciami a rôznymi oficiálnymi stanoviskami ku globálnym klimatickým zmenám. 
610 2 0 |a politika medzinárodná 
610 2 0 |a interakcia ekonomická 
610 2 0 |a environmentalistika 
610 2 0 |a problémy globálne 
610 2 0 |a zmeny klimatické 
100 1 |a Parapatits, Zsolt